[Event "Let's Play Chess!"]
[Site "http://www.queenalice.com/game.php?id=1867669"]
[Date "2026.1.8"]
[Round "-"]
[White "alow_proton"]
[Black "Copelipon"]
[Result "1-0"]
[WhiteElo "2030"]
[BlackElo "1892"]

1. e4 e5 2. f4 exf4 3. Nf3 d5 4. exd5 Nf6 5. c4 c6 6. dxc6 Nxc6 7. d4 Bd6 8. Be2
Ne4 9. O-O g5 10. Bd3 f5 11. Nc3 Nxc3 12. bxc3 O-O 13. c5 Bc7 14. Qb3+ Kg7 15.
Bb2 b6 16. Rad1 Qf6 17. d5 Na5 18. Qb4 bxc5 19. Qa4 Kg6 20. Rfe1 Rf7 21. Re2 Bd7
22. Qc2 c4 23. Bxc4 Nxc4 24. Bc1 Ne3 25. Bxe3 fxe3 26. Rxe3 Bb6 27. Nd4 Rc8 28.
Qb2 f4 29. Ree1 Rc5 30. Qb3 Rb5 31. Qc4 1-0